| 000 | 00535 a2200169 4500 | ||
|---|---|---|---|
| 999 |
_c9347 _d9347 |
||
| 020 | _a9781107669314 | ||
| 050 | _aJC571 PAU 2014 | ||
| 100 |
_a Paupp, Terrence Edward _eauthor |
||
| 245 |
_aRedefining human rights in the struggle for peace and development / _cTerrence Edward Paupp |
||
| 264 |
_aNew York : _bCambridge University Press, _c2014. |
||
| 300 | _axx, 561 pages ; 24 cm | ||
| 500 | _alncludes index | ||
| 650 | _aHuman rights . | ||
| 650 | _aHuman security. | ||
| 650 | _aPeace-building | ||
| 942 |
_2lcc _cBK _h571 _iPAU _kJC |
||